00665nam a22002177a 450000500170000001000250001702000250004202000260006703500140009303500140010703700090012108200110013010000330014124500560017425000060023026000550023627000880029130000200037930000200039949000280041920241202164057.0 aENG-142760 EN-142759 c75.00a9789350693781 c105.00a9789350693988 aEN-126292 aEN-126291 bDBAD a230.51 aSri Sathya Sai Sadhana Trust aSathya Sai Speaks/cby Sri Sathya Sai Sadhana Trust a1 aAndhra PradeshbSri Sathya sai Sadhana Trustc2019 bPrasanthi NilayamaAnantapur Districe515134morders@sssbpt.orgk011-287375l287236 a146p.c22cm(pb) a214p.c22cm(pb) aPart 1, Part 2vVol 14